00494pab a2200157 454500008004000000100001900040245010600059260000900165300001200174362001200186650001900198650005300217650001800270650002500288773002300313180718b1999 xxu||||| |||| 00| 0 eng d aWaqif, Arif A. aCivil service capacity for regional cooperation: some comparative aspects in the EU and SAARC regions c1999 ap.75-88 aJan-Jun aEuropean union aSouth Asian Association for Regional Cooperation aCivil service aRegional cooperation aSouth Asian Survey